| 000 | 00658nam a22002177a 4500 | ||
|---|---|---|---|
| 999 |
_c18405 _d18405 |
||
| 003 | AR-CdUCM | ||
| 008 | 190513b ||||| |||| 00| 0 spa d | ||
| 040 |
_aMUNICIPALIDAD PROVINCIAL DEL CUSCO _cBIBLIOTECA MUNICIPAL DEL CUSCO |
||
| 082 |
_a985.009 / _bZ24 |
||
| 100 |
_aZamalloa Armejo, Raúl _938976 |
||
| 245 | _aAndres A. Caceres / | ||
| 260 |
_aLima : _bUniversitaria, _c1966. |
||
| 300 |
_a116 páginas ; _c20 cm. |
||
| 440 |
_aBiblioteca hombres del Perú ; _n4 _938977 |
||
| 505 | _aContenido: Biografía | ||
| 650 |
_aBiografía _922 |
||
| 650 |
_aHistoria _9136 |
||
| 650 |
_aPeruanos _927760 |
||
| 942 |
_2ddc _cLIBROS |
||
| 945 |
_aacv _d2019-05-13 |
||